000 00543cam a2200205ua 4500
001 10310
008 180319n ii |||gr||||Z||||||eng
020 _a9788183332699
040 _cMAIN
082 _a004
100 _aJain, Satish,
_eAuthor.
245 _aCourse on computer concepts
_cBy Satish Jain
250 _a5th rev. ed.
260 _aNew Delhi:
_bBPB publications,
_c2017.
300 _a264p.
653 _aData processing & computer science
700 _aJain, Shalini,
_eAuthor.
700 _aGeetha, M.,
_eAuthor.
942 _cBK
999 _c9305
_d9305